[Event "Oslo op"]
[Site "Fornebu"]
[Date "2017.10.04"]
[Round "7"]
[White "Schouten, Mathias Lind"]
[Black "Roksvold, Thore"]
[Result "1-0"]
[WhiteElo "1718"]
[BlackElo "1479"]
[PlyCount "135"]
[EventDate "2017.09.29"]
[EventType "swiss"]
[EventRounds "10"]
[EventCountry "NOR"]
[SourceTitle "CBM 181 Extra"]
[Source "ChessBase"]
[SourceDate "2017.12.12"]
[SourceVersion "1"]
[SourceVersionDate "2017.12.12"]
[SourceQuality "1"]

1. e4 g6 2. d4 Bg7 3. Nc3 d6 4. Nf3 a6 5. Be3 b5 6. a3 Nd7 7. Be2 Bb7 8. 0-0 e5 9. dxe5 Nxe5 10. Nxe5 Bxe5 11. Bd4 Qf6 12. Bxe5 Qxe5 13. Bf3 Ne7 14. Re1 0-0 15. Rb1 Qg7 16. g3 Rad8 17. Nd5 Nxd5 18. exd5 Rfe8 19. c3 Re5 20. Qb3 Bc8 21. c4 Bd7 22. cxb5 axb5 23. Kg2 f6 24. Rxe5 fxe5 25. Rc1 Rc8 26. Qe3 g5 27. Qa7 h6 28. Kg1 Bh3 29. Bg2 Bf5 30. Qb7 Qd7 31. Qc6 g4 32. f3 Kf8 33. fxg4 Qxc6 34. Rxc6 Bd7 35. Rc3 Bxg4 36. Kf2 Ke7 37. Rb3 Rb8 38. Bf1 Bd7 39. Rb4 Rb6 40. Rh4 b4 41. axb4 Bb5 42. Rxh6 Bxf1 43. Kxf1 Rxb4 44. Rh7+ Kd8 45. Ke2 Rd4 46. h4 Rxd5 47. g4 e4 48. g5 Re5 49. g6 Ke8 50. Rxc7 Kf8 51. Ke3 Rh5 52. Rh7 Rb5 53. Kxe4 Rxb2 54. Kd5 Rh2 55. Kxd6 Kg8 56. h5 Rg2 57. Ke6 Re2+ 58. Kf6 Rf2+ 59. Kg5 Rg2+ 60. Kh6 Ra2 61. Rb7 Ra8 62. Rb5 Rc8 63. Kg5 Ra8 64. h6 Rc8 65. h7+ Kg7 66. Rb7+ Kh8 67. Kh6 Rc7 68. Rb8+ 1-0

[Event "Oslo op"]
[Site "Fornebu"]
[Date "2017.10.02"]
[Round "5"]
[White "Jarve, Edvin"]
[Black "Roksvold, Thore"]
[Result "1-0"]
[WhiteElo "1805"]
[BlackElo "1479"]
[PlyCount "119"]
[EventDate "2017.09.29"]
[EventType "swiss"]
[EventRounds "10"]
[EventCountry "NOR"]
[SourceTitle "CBM 181 Extra"]
[Source "ChessBase"]
[SourceDate "2017.12.12"]
[SourceVersion "1"]
[SourceVersionDate "2017.12.12"]
[SourceQuality "1"]

1. d4 d5 2. c4 c6 3. Nf3 e6 4. g3 f5 5. Bg2 Nf6 6. Bf4 Bd6 7. Bxd6 Qxd6 8. Qc2 Qb4+ 9. Nbd2 Ne4 10. a3 Qe7 11. 0-0 0-0 12. b4 Nd7 13. Rac1 Ng5 14. Nxg5 Qxg5 15. Nf3 Qe7 16. b5 Rb8 17. cxd5 cxd5 18. Qc7 Qd8 19. Qf4 h6 20. h4 b6 21. Qd6 Bb7 22. Qxe6+ Rf7 23. Rc3 Nf8 24. Qe3 Rc8 25. Rfc1 Rxc3 26. Qxc3 g5 27. Ne5 Rg7 28. Nc6 Bxc6 29. Qxc6 Ng6 30. Qxd5+ Qxd5 31. Bxd5+ Kh7 32. hxg5 hxg5 33. Be6 f4 34. Kg2 fxg3 35. Rh1+ Nh4+ 36. Kxg3 Kg6 37. Rc1 Re7 38. Rc6 Nf5+ 39. Bxf5+ Kxf5 40. e3 Rg7 41. d5 Rd7 42. d6 Ke6 43. Kg4 Kf6 44. f4 gxf4 45. Kxf4 Ke6 46. Ke4 Rxd6 47. Rxd6+ Kxd6 48. Kd4 Ke6 49. e4 Kd6 50. e5+ Ke6 51. Ke4 Ke7 52. Kd5 Kd7 53. e6+ Ke7 54. Ke5 Ke8 55. Kd6 Kd8 56. e7+ Ke8 57. a4 a6 58. bxa6 b5 59. axb5 Kf7 60. a7 1-0

[Event "Oslo op"]
[Site "Fornebu"]
[Date "2017.09.30"]
[Round "2"]
[White "Roksvold, Thore"]
[Black "Wright, Haakon"]
[Result "1/2-1/2"]
[WhiteElo "1479"]
[BlackElo "1795"]
[PlyCount "141"]
[EventDate "2017.09.29"]
[EventType "swiss"]
[EventRounds "10"]
[EventCountry "NOR"]
[SourceTitle "CBM 181 Extra"]
[Source "ChessBase"]
[SourceDate "2017.12.12"]
[SourceVersion "1"]
[SourceVersionDate "2017.12.12"]
[SourceQuality "1"]

1. d4 Nf6 2. Nc3 d5 3. Bg5 Bf5 4. f3 Nbd7 5. Nxd5 Nxd5 6. e4 h6 7. Bh4 Ne3 8. Qd3 Nxf1 9. exf5 Nxh2 10. Rxh2 c6 11. g4 Qa5+ 12. c3 0-0-0 13. Qc4 Qc7 14. Rg2 f6 15. 0-0-0 Nb6 16. Qe6+ Qd7 17. Re2 Qxe6 18. Rxe6 Rd6 19. Rde1 Rxe6 20. Rxe6 Kd7 21. Re1 h5 22. g5 fxg5 23. Bxg5 h4 24. Nh3 Rh5 25. Re4 g6 26. fxg6 Nd5 27. Kd1 e6 28. Rxh4 Rxh4 29. Bxh4 Ne3+ 30. Ke2 Nf5 31. Bf6 Bg7 32. Bxg7 Nxg7 33. Ke3 Ke7 34. Ke4 Kf6 35. Nf4 Nf5 36. c4 Ng3+ 37. Kd3 Nf5 38. d5 cxd5 39. cxd5 e5 40. Ne6 Kxg6 41. Nd8 Nd6 42. b4 Kf5 43. Ne6 b5 44. Nc5 Kf4 45. Ne4 Nf7 46. Ke2 Kf5 47. Ke3 a6 48. Nc5 Nd6 49. Nxa6 Nc4+ 50. Ke2 e4 51. fxe4+ Kxe4 52. Nc5+ Kxd5 53. Kd3 Nb6 54. Kc3 Ke5 55. Kb3 Kd5 56. a4 bxa4+ 57. Nxa4 Kc6 58. Nxb6 Kxb6 59. Kc4 Kc6 60. b5+ Kb6 61. Kb4 Kb7 62. Kc5 Kc7 63. b6+ Kb7 64. Kb5 Kb8 65. Kc6 Kc8 66. Kd6 Kb8 67. Kc6 Kc8 68. Kb5 Kb8 69. Ka6 Ka8 70. b7+ Kb8 71. Kb6 1/2-1/2

[Event "Politiken Cup 37th"]
[Site "Helsingor"]
[Date "2015.07.30"]
[Round "7"]
[White "Roksvold, Thore"]
[Black "Berg Olsen, Sebastian N"]
[Result "1/2-1/2"]
[WhiteElo "1629"]
[BlackElo "1302"]
[PlyCount "103"]
[EventDate "2015.07.25"]
[EventType "swiss"]
[EventRounds "10"]
[EventCountry "DEN"]
[SourceTitle "CBM 167 Extra"]
[Source "ChessBase"]
[SourceDate "2015.09.14"]
[SourceVersion "1"]
[SourceVersionDate "2015.09.14"]
[SourceQuality "1"]

1. e4 e6 2. d4 d5 3. Nc3 Bb4 4. Bd3 c5 5. exd5 cxd4 6. Bb5+ Bd7 7. Bxd7+ Qxd7 8. Qxd4 Bxc3+ 9. Qxc3 Nf6 10. dxe6 Qxe6+ 11. Be3 0-0 12. Nf3 Nc6 13. 0-0 h6 14. Rfe1 Qf5 15. Nd4 Nxd4 16. Bxd4 Rfc8 17. Qd3 Qxd3 18. cxd3 Rc2 19. Bxf6 gxf6 20. b3 Rd2 21. Red1 Rc2 22. Kf1 Rac8 23. Re1 Rb2 24. Re2 Rcc2 25. Rxc2 Rxc2 26. Ke1 Kf8 27. a3 Rc3 28. Kd2 Rxb3 29. Kc2 Rb5 30. d4 Ke7 31. a4 Rf5 32. f3 Kd6 33. Rb1 b6 34. Kd3 Ra5 35. Rb4 Rh5 36. h3 Ra5 37. g4 f5 38. Rb5 Rxb5 39. axb5 fxg4 40. fxg4 Kd5 41. h4 f6 42. h5 Kd6 43. Ke4 Ke6 44. d5+ Kd6 45. Kf5 Kxd5 46. Kg6 Ke6 47. g5 fxg5 48. Kxh6 Kf6 49. Kh7 Kf7 50. h6 g4 51. Kh8 g3 52. h7 1/2-1/2

[Event "Politiken Cup 37th"]
[Site "Helsingor"]
[Date "2015.07.26"]
[Round "2"]
[White "Helin, Mikael"]
[Black "Roksvold, Thore"]
[Result "1-0"]
[WhiteElo "1896"]
[BlackElo "1629"]
[PlyCount "85"]
[EventDate "2015.07.25"]
[EventType "swiss"]
[EventRounds "10"]
[EventCountry "DEN"]
[SourceTitle "CBM 167 Extra"]
[Source "ChessBase"]
[SourceDate "2015.09.14"]
[SourceVersion "1"]
[SourceVersionDate "2015.09.14"]
[SourceQuality "1"]

1. e4 d6 2. Nc3 Nf6 3. g3 g6 4. Bg2 Bg7 5. h3 0-0 6. Nge2 e5 7. 0-0 Nc6 8. f4 Nd7 9. f5 Nd4 10. d3 h6 11. Kh2 Nf6 12. g4 Nh7 13. Ng3 Kh8 14. Nd5 c6 15. f6 cxd5 16. fxg7+ Kxg7 17. c3 Nc6 18. exd5 Ne7 19. Qd2 g5 20. Be4 Ng6 21. Bf5 Nf4 22. Qe1 Re8 23. Bxh7 Kxh7 24. Qe4+ Kh8 25. c4 b6 26. Bd2 a5 27. Bc3 Kg8 28. Rf2 Qf6 29. Nh5 Qe7 30. Rg1 Nxh5 31. gxh5 f5 32. Qe3 Kh7 33. h4 g4 34. Kg2 Qxh4 35. Rh1 Qd8 36. Re2 Ra7 37. d4 e4 38. c5 Rf7 39. Rf2 f4 40. Rxf4 Rxf4 41. Qxf4 dxc5 42. Qf7+ Kh8 43. dxc5+ 1-0

[Event "NOR-ch Seniors-B"]
[Site "Oslo"]
[Date "2015.07.04"]
[Round "7"]
[White "Roksvold, Thore"]
[Black "Rosok, Leiv"]
[Result "0-1"]
[WhiteElo "1233"]
[BlackElo "1219"]
[PlyCount "88"]
[EventDate "2015.07.04"]
[EventType "swiss"]
[EventRounds "9"]
[EventCountry "NOR"]
[SourceTitle "EXT 2017"]
[Source "ChessBase"]
[SourceDate "2016.10.25"]
[SourceVersion "1"]
[SourceVersionDate "2016.10.25"]
[SourceQuality "1"]

1. e4 c5 2. d4 cxd4 3. c3 dxc3 4. Nxc3 Nc6 5. Nf3 d6 6. Bc4 Bg4 7. Bxf7+ Kxf7 8. Ng5+ Ke8 9. Qxg4 Nf6 10. Qe2 Qd7 11. Be3 h6 12. Nf3 a6 13. 0-0 Rc8 14. Rfd1 Qc7 15. Rac1 e5 16. Nd5 Qf7 17. b4 Nxe4 18. Bb6 Nf6 19. Nxf6+ gxf6 20. a4 Rg8 21. b5 axb5 22. axb5 Ne7 23. Rxc8+ Nxc8 24. Qc2 Nxb6 25. Rc1 Qg6 26. Nh4 Qxc2 27. Rxc2 Kd7 28. g3 Rg4 29. Rb2 Nc4 30. Ra2 Ke6 31. h3 Rg7 32. g4 b6 33. Ra8 Rg8 34. Nf5 h5 35. f3 hxg4 36. hxg4 Rh8 37. Rc8 d5 38. Rc6+ Kf7 39. Rc8 Bc5+ 40. Rxc5 bxc5 41. Ng3 d4 42. Ne4 d3 43. b6 Nxb6 44. Nxc5 d2 0-1

[Event "Oslo op-B"]
[Site "Oslo"]
[Date "2014.09.28"]
[Round "6"]
[White "Enersen, Eirik S"]
[Black "Roksvold, Thore"]
[Result "1/2-1/2"]
[WhiteElo "1591"]
[BlackElo "1140"]
[PlyCount "53"]
[EventDate "2014.09.28"]
[EventType "swiss"]
[EventRounds "9"]
[EventCountry "NOR"]
[SourceTitle "EXT 2017"]
[Source "ChessBase"]
[SourceDate "2016.10.25"]
[SourceVersion "1"]
[SourceVersionDate "2016.10.25"]
[SourceQuality "1"]

1. e4 e6 2. d4 d5 3. exd5 exd5 4. c4 Nf6 5. Nc3 Be6 6. Qb3 b6 7. cxd5 Nxd5 8. Bc4 c6 9. Nxd5 Bxd5 10. Bxd5 Qxd5 11. Qxd5 cxd5 12. Bd2 Be7 13. Nf3 0-0 14. 0-0 Bf6 15. Bg5 Nd7 16. Bxf6 Nxf6 17. Ne5 Rac8 18. Rac1 Rfe8 19. Rfe1 Kf8 20. Kf1 g6 21. g3 Kg7 22. Kg2 Ne4 23. Nd3 Rc4 24. Rxc4 dxc4 25. Ne5 Nd6 26. Rc1 b5 27. Rc2 1/2-1/2

[Event "Oslo op-B"]
[Site "Oslo"]
[Date "2014.09.28"]
[Round "4"]
[White "Roksvold, Thore"]
[Black "Boe, Torgeir H"]
[Result "0-1"]
[WhiteElo "1140"]
[BlackElo "1474"]
[PlyCount "112"]
[EventDate "2014.09.28"]
[EventType "swiss"]
[EventRounds "9"]
[EventCountry "NOR"]
[SourceTitle "EXT 2017"]
[Source "ChessBase"]
[SourceDate "2016.10.25"]
[SourceVersion "1"]
[SourceVersionDate "2016.10.25"]
[SourceQuality "1"]

1. e4 e5 2. Bc4 Nc6 3. c3 Nf6 4. d3 Bc5 5. Nf3 0-0 6. 0-0 d5 7. exd5 Nxd5 8. h3 Nf4 9. Bxf4 exf4 10. d4 Bd6 11. Nbd2 Qf6 12. Ne4 Qg6 13. Nfd2 Bxh3 14. Qf3 Bg4 15. Qd3 Bf5 16. Qf3 Bg4 17. Qd3 f3 18. Nxd6 fxg2 19. Rfe1 Qxd6 20. Qg3 Qh6 21. Kxg2 Qxd2 22. Qxg4 Qxb2 23. Bd3 Qxc3 24. Bxh7+ Kxh7 25. Rh1+ Kg8 26. Qf5 f6 27. Qg6 Ne7 28. Qh7+ Kf7 29. Qh5+ g6 30. Qh7+ Ke8 31. Rae1 Qc6+ 32. Kg1 Qd7 33. Qxg6+ Kd8 34. Qg7 Rg8 35. Rh8 Qe8 36. Rxg8 Qxg8 37. Qxg8+ Nxg8 38. Re3 Kd7 39. Rh3 Re8 40. Rh7+ Re7 41. Rh8 Rg7+ 42. Kf1 Kd6 43. Ke2 Kd5 44. Ke3 c6 45. Rh5+ Kc4 46. Rc5+ Kb4 47. Rf5 Ne7 48. Rf3 Nd5+ 49. Ke4 Re7+ 50. Kd3 Ka3 51. Kc4+ Kxa2 52. Kc5 Kb2 53. Rh3 a5 54. Rh2 Re6 55. f4+ Kc3 56. f5 b6# 0-1